000
00276nam a2200109Ia 4500
008
190216s9999||||xx |||||||||||||| ||und||
100
_a
Samuel Glasstone
245
0
_a
Chemistry Introduction To Electro Chemistry
260
_b
East-West Press
650
_a
Chemistry
942
_c
BK
999
_c
2568
_d
2568